书目信息 |
| 题名: |
中国钒钛矿磁铁矿选矿
|
|
| 作者: | 朱俊士 主编 | |
| 分册: | ||
| 出版信息: | 北京 冶金工业出版社 1996.07 |
|
| 页数: | 426页 | |
| 开本: | 16开 | |
| 丛书名: | ||
| 单 册: | ||
| 中图分类: | TD951 | |
| 科图分类: | ||
| 主题词: | 金属矿--选矿 | |
| 电子资源: | ||
| ISBN: | 7-5024-1812-1 | |
| 000 | 00579nam0 2200193 45 | |
| 001 | 0010231601 | |
| 005 | 20001023161253.9 | |
| 010 | @a7-5024-1812-1@d48.00元 | |
| 100 | @a20001023d1996 km y0chiy0120 ea | |
| 101 | 0 | @achi |
| 105 | @a z 000yy | |
| 200 | 1 | @a中国钒钛矿磁铁矿选矿@AZhong Guo Fan Tai Kuang Ci Tie Kuang Xuan Kuang@f朱俊士主编@FZhu Jun Shi Zhu Bian |
| 210 | @a北京@c冶金工业出版社@d1996.07 | |
| 215 | @a426页@d16开 | |
| 606 | 0 | @a金属矿@x选矿 |
| 690 | @aTD951@v3 | |
| 701 | 0 | @a朱俊士@4主编 |
| 801 | @aCN@bPftUser@c20001023 | |
| 905 | @b184054-056@dTD951@eZH785@f3 | |
| 中国钒钛矿磁铁矿选矿/朱俊士主编.-北京:冶金工业出版社,1996.07 |
| 426页;16开 |
| ISBN 7-5024-1812-1:48.00元 |
| ● |
| 相关链接 |
|
|
|
正题名:中国钒钛矿磁铁矿选矿
索取号:TD951/ZH785
 
预约/预借
| 序号 | 登录号 | 条形码 | 馆藏地/架位号 | 状态 | 备注 |
| 1 | 184054 | 201840543 | 自科二线504/504自科库 41排2列4层/ [索取号:TD951/ZH785] | 在馆 | |
| 2 | 184055 | 201840552 | 自科库501/501自科库 22排1列3层/ [索取号:TD951/ZH785] | 在馆 | |
| 3 | 184056 | 201840561 | 期刊室512/501自科库 22排1列3层/ [索取号:TD951/ZH785] | 在馆 |